000 00595nam a22002057a 4500
003 OSt
005 20140310183114.0
008 130415t xxu||||| |||| 00| 0 eng d
020 _a9789712350757
050 _aBL 2130
_b.B335 2008
082 _aFIL 282.599
_bB335 2008
245 _aVarious religiuos beliefs and practices in the Philippines /
_cBattad,Teodora T. ... [et.al.]
260 _aManila :
_bRex Book Store,
_c2008
300 _aix, 128p. :
_bcol. : ill. ;
_c25 cm.
521 _aCollege
526 _c1210L-1700L
541 _j1
562 _e1
942 _2lcc
_cBK
999 _c18873
_d18873